00768nam a22002297a 450000500170000001000130001702000220003003500130005203700160006504000120008108200110009310000210010424500590012526000460018427000510023030000190028165000220030065000190032294200200034199900190036195201580038020170124110107.0 aA-318865 c00.00a0706937872 aA-318865 bCen Lib/Ret aDPLbEN aSbDAS aDas, J.P.923315 aThe forbidden street and other stories /cby J.P. Das  bVikas Publishing House c1988aNew Delhi  bNew Delhi a576 masjid road, jangpura e110014 a74p.c19cm(Hb) aliterature 96262 aStories 97500 2ddccENhSmDAS c130116d130116 04104070aLbLd2015-07-08eCen Lib/Retg0.00l0oS DASpA-318865r2015-07-08 00:00:00t1v0.00w2015-07-08yENzW/d List No. 6864/13 ; dtd 08/08/2020